Online Catalogue and eLibrary

Nidahasa jathika ekagrathawa haa deshapalanaye pawul poraya (Record no. 2256)

MARC details
000 -LEADER
fixed length control field 00529nam a2200193Ia 4500
005 - DATE AND TIME OF LATEST TRANSACTION
control field 20250613015656.0
008 - FIXED-LENGTH DATA ELEMENTS--GENERAL INFORMATION
fixed length control field 240331s9999 xx 000 0 und d
020 ## - INTERNATIONAL STANDARD BOOK NUMBER
ISBN 9558210013
082 ## - DDC Classification
Item Number - Author Mark IVA
Class No. 320
100 ## - MAIN ENTRY--PERSONAL NAME
Personal name Ivan, V
245 #0 - TITLE STATEMENT
Title Nidahasa jathika ekagrathawa haa deshapalanaye pawul poraya
260 ## - PUBLICATION, DISTRIBUTION, ETC.
Place of publication, distribution, etc. Ratmalana
Name of publisher, distributor, etc. Nandana Marasinghe Memorial ( Book Publishing Foundation)
Date of publication, distribution, etc. 1999
300 ## - PHYSICAL DESCRIPTION
Extent (e.g. Volumes, Pages etc.) 255 p .,
650 ## - SUBJECT ADDED ENTRY--TOPICAL TERM
Topical term or geographic name entry element Independance
650 ## - SUBJECT ADDED ENTRY--TOPICAL TERM
Topical term or geographic name entry element National Unity
650 ## - SUBJECT ADDED ENTRY--TOPICAL TERM
Topical term or geographic name entry element Family
650 ## - SUBJECT ADDED ENTRY--TOPICAL TERM
Topical term or geographic name entry element Politics
942 ## - Koha item type (Biblio)
Koha item type Books in Stacks (Lending)
Holdings
Lost status Damaged status Collection code Home library Current library Shelving location Date acquired Full call number Accession Number Item type
    Lending WERC Library WERC Library Social Science Cupboard 03/31/2024 320 IVA 2972 Books in Stacks (Lending)

© WERC Library